000 00489nam a22001937a 4500
003 MPLRDC
005 20220104144433.0
008 210129b ||||| |||| 00| 0 eng d
020 _a7-80531-047-5
082 _a307.8 WHTS v.3
100 _a罗祖德、郑石平、陈胜庆编
245 _a地理之谜
_c
250 _a一版四刷
260 _a
_b文汇出版社
_c1991
300 _b
490 _a文汇探索丛书
650 _a地理知识
942 _cBK
_o307.8 WHTS v.3
999 _c49596
_d49586